Quản lý dự án

Bewaard in:
Bibliografische gegevens
Hoofdauteur: Nguyễn, Văn Đáng
Formaat: Boek
Taal:Undetermined
Gepubliceerd in: Đồng Nai Nxb. Tổng hợp Đồng Nai 2005
Onderwerpen:
Tags: Voeg label toe
Geen labels, Wees de eerste die dit record labelt!
Thư viện lưu trữ: Trung tâm Học liệu Trường Đại học Cần Thơ
LEADER 00539nam a2200193Ia 4500
001 CTU_102346
008 210402s9999 xx 000 0 und d
020 |c 65000 
082 |a 658.404 
082 |b Đ106 
100 |a Nguyễn, Văn Đáng 
245 0 |a Quản lý dự án 
245 0 |c Nguyễn Văn Đáng 
260 |a Đồng Nai 
260 |b Nxb. Tổng hợp Đồng Nai 
260 |c 2005 
650 |a Project management 
904 |i Hiếu 
980 |a Trung tâm Học liệu Trường Đại học Cần Thơ